000 00758nam a2200181Ia 4500
005 20250508155500.0
008 008 250505s9999 xx 000 0 eng d
037 _aTextual
040 _aFEDL
_beng
_cFEDL
041 _aeng
_2eng
084 _a371.426, CEN
_qFEDL
245 0 _aEducational reconstruction and vocational training in the central provinces and berar: Report of the committee appointed by government to do exploratory work and to collect data for the consideration of experts on a scheme of educational reconstruction an
245 0 _cGovernment of the Central Provinces and Berar
260 _aNagpur, India
_bGovernment Printing
_c1937
300 _aii,111p.
942 _cTEXL
_h371.426, CEN
999 _c1357200
_d1357200